| 000 | 00627nam a2200241Ia 4500 | ||
|---|---|---|---|
| 003 | OSt | ||
| 005 | 20220928125604.0 | ||
| 006 | a|||||r|||| 00| 0 | ||
| 007 | ta | ||
| 008 | 220927b |||||||| |||| 00| 0 eng d | ||
| 024 | _a40977 | ||
| 037 | _cTextual | ||
| 040 |
_aSDCL _cSDCL _beng |
||
| 041 |
_2eng _aeng |
||
| 082 | _aB2N6, P8 | ||
| 100 |
_aKaroubi Max _9470435 |
||
| 245 | 0 |
_aK-theory _b An introduction. |
|
| 260 |
_aBerlin _bSpringer _c2008 |
||
| 300 |
_axviii,308p. _ccm. |
||
| 490 | _aClassics in mathematics. | ||
| 942 |
_hB2N6, P8 _cTEXL _2CC |
||
| 999 |
_c783153 _d783153 |
||